=LDR 00000nam 2200000 4500 =001 INLIS000000000030150 =005 20200928090326 =035 ##$$a 0010-061300000030150 =008 200928################g##########0#ind## =041 ##$$a Ind =082 ##$$a 306.84 =090 ##$$a 332.110 2, Far m =100 ##$$a Farida, Anik =245 1#$$a Menimbang dalil poligami : $b antara teks, konteks dan praktek, /$c Anik Farida ; editor, Rudy Sahabuddin =260 ##$$a Jakarta :$b Balai Penelitian dan Pengembangan Agama,$c 2008 =300 ##$$a xviii, 137 hlm, ; $c 15 x 21 cm =650 #4$$a Poligami =850 ##$$a NBPNMAT =020 ##$$a 978-979-9099-52-5 =084 ##$$a 306.84 FAR m =250 ##$$a Cet. 1 =700 #$$a Rudy Sahabuddin =504 ##$$a Bibliografi : hlm, 133-136 =520 ##$$a Biografi : hlm, 137-138 =990 ##$$a 30802320